Statistics for Romance language definite and indefinite articles

Click here to take the quiz!

General Stats

  • This quiz has been taken 46 times
  • The average score is 36 of 48

Answer Stats

Answer% Correct
il / lo
100%
la
100%
la
100%
la
100%
la
100%
-le
100%
le
100%
le
100%
un
100%
un
100%
un
100%
un
100%
un / uno
100%
el
97%
el
97%
las
97%
los
97%
una
97%
una
97%
una
97%
les
94%
les
94%
les
94%
une
88%
i / gli
85%
a
82%
-a
82%
-i
82%
o
79%
o
79%
unas
79%
unos
79%
des
70%
des
70%
as
67%
os
67%
um
58%
uma
58%
unes
42%
umas
39%
uns
39%
uns
39%
els
33%
dei / degli
18%
delle
18%
-ul
12%
niște
6%
niște
6%

Score Distribution

Percentile by Number Answered

Percent of People with Each Score

Your Score History

You have not taken this quiz